000 00500nmm a2200169Ia 4500
008 251105s9999||||xx |||||||||||||||||und||
020 _a9789587384024
041 _aspa
100 _aQuinche Ramírez, Manuel Fernando
245 0 _aEl control de constitucionalidad
264 _a[Bogotá, Colombia] :
_bUniversidad del Rosario,
_c2013
300 _a184 páginas
490 _aTextos de Jurisprudencia
650 _aLaw
856 _uhttps://public.digitaliapublishing.com/a/46567
942 _cCF
999 _c95769
_d95769